The Impossible Quiz - Statistics

General Stats
  • This quiz has been taken 241 times
  • The average score is 72 of 103
Answer Stats
Question Tile Select % Correct
Select all the ":"
Question 5 is telling the truth
; No
93%
Select all the ":"
Question 5 is telling the truth
; No
93%
Select all the ":"
Question 5 is telling the truth
; No
93%
Select all the ":"
Question 5 is telling the truth
; No
93%
Select all the ":"
Question 5 is telling the truth
; No
93%
Select all the ":"
Question 5 is telling the truth
; No
93%
Select all the ":"
Question 5 is telling the truth
; No
92%
Select all the ":"
Question 5 is telling the truth
; No
92%
Select all the ":"
Question 5 is telling the truth
; No
92%
Select all the ":"
Question 5 is telling the truth
; No
92%
Select all the ":"
Question 5 is telling the truth
; No
92%
Select all the ":"
Question 5 is telling the truth
; No
92%
Select all the ":"
Question 5 is telling the truth
; No
92%
Select all the ":"
Question 5 is telling the truth
; No
92%
Select all the ":"
Question 5 is telling the truth
; No
92%
Select all the ":"
Question 5 is telling the truth
; No
92%
Select all the ":"
Question 5 is telling the truth
; No
92%
Select all the ":"
Question 5 is telling the truth
; No
92%
Select all the ":"
Question 5 is telling the truth
; No
92%
Select all the ":"
Question 5 is telling the truth
; No
91%
How many ":" did the previous question have?
Question 4 is lying
12 No
91%
How many ":" did the previous question have?
Question 4 is lying
13 No
91%
How many ":" did the previous question have?
Question 4 is lying
9 No
91%
How many ":" did the previous question have?
Question 4 is lying
10 No
90%
How many ":" did the previous question have?
Question 4 is lying
11 No
90%
How many ":" did the previous question have?
Question 4 is lying
2 No
90%
How many ":" did the previous question have?
Question 4 is lying
3 No
90%
How many ":" did the previous question have?
Question 4 is lying
14 No
89%
How many ":" did the previous question have?
Question 4 is lying
15 No
89%
How many ":" did the previous question have?
Question 4 is lying
7 No
89%
How many ":" did the previous question have?
Question 4 is lying
8 No
89%
Select all the ":"
Question 5 is telling the truth
: Yes
87%
Select all the ":"
Question 5 is telling the truth
: Yes
86%
Select all the ":"
Question 5 is telling the truth
: Yes
86%
Select all the ":"
Question 5 is telling the truth
: Yes
85%
How many ":" did the previous question have?
Question 4 is lying
1 No
85%
Select all the ":"
Question 5 is telling the truth
: Yes
84%
Pick the one with 20 consecutive "e"
Pick the different lengths of consecutive "e"s for Question 4, not what it says
Question 2 is lying
eeeeeeeeeeeeeee No
83%
Pick the one with 20 consecutive "e"
Pick the different lengths of consecutive "e"s for Question 4, not what it says
Question 2 is lying
eeeeeeeeeeeeeeee No
83%
Pick the one with 20 consecutive "e"
Pick the different lengths of consecutive "e"s for Question 4, not what it says
Question 2 is lying
eeeeeeeeeeeeeeeee No
83%
Pick the one with 20 consecutive "e"
Pick the different lengths of consecutive "e"s for Question 4, not what it says
Question 2 is lying
eeeeeeeeeeeeeeeeee No
83%
How many ":" did the previous question have?
Question 4 is lying
4 No
82%
Pick the one with 20 consecutive "e"
Pick the different lengths of consecutive "e"s for Question 4, not what it says
Question 2 is lying
eeeeeeeeeeeeeee No
82%
Pick the one with 20 consecutive "e"
Pick the different lengths of consecutive "e"s for Question 4, not what it says
Question 2 is lying
eeeeeeeeeeeeeeee No
81%
Pick the one with 20 consecutive "e"
Pick the different lengths of consecutive "e"s for Question 4, not what it says
Question 2 is lying
eeeeeeeeeeeeeeeeeee No
80%
How many ":" did the previous question have?
Question 4 is lying
6 No
79%
Pick the one with 20 consecutive "e"
Pick the different lengths of consecutive "e"s for Question 4, not what it says
Question 2 is lying
eeeeeeeeeeeeeeeeeeeee No
79%
Pick the one with 20 consecutive "e"
Pick the different lengths of consecutive "e"s for Question 4, not what it says
Question 2 is lying

eeeeeeeeeeeeeeeeeeeeee

No
79%
How many letters are in the title?
Don't include Question 6 for Question 5
Question 1 is lying
12 No
78%
How many letters are in the title?
Don't include Question 6 for Question 5
Question 1 is lying
14 No
78%
How many letters are in the title?
Don't include Question 6 for Question 5
Question 1 is lying
23 No
78%
Pick the one with 20 consecutive "e"
Pick the different lengths of consecutive "e"s for Question 4, not what it says
Question 2 is lying

eeeeeeeeeeeeeeeeeeeeee

No
78%
How many letters are in the title?
Don't include Question 6 for Question 5
Question 1 is lying
11 No
77%
How many letters are in the title?
Don't include Question 6 for Question 5
Question 1 is lying
13 No
77%
How many letters are in the title?
Don't include Question 6 for Question 5
Question 1 is lying
24 No
77%
How many letters are in the title?
Don't include Question 6 for Question 5
Question 1 is lying
25 No
77%
Pick the one with 20 consecutive "e"
Pick the different lengths of consecutive "e"s for Question 4, not what it says
Question 2 is lying
eeeeeeeeeeeeeeeeeeeee No
76%
How many letters are in the title?
Don't include Question 6 for Question 5
Question 1 is lying
26 No
74%
How many letters are in the title?
Don't include Question 6 for Question 5
Question 1 is lying
20 No
73%
What are the largest numbers that appeared in the questions with number answers?
Question 3 is lying
14 No
72%
What are the largest numbers that appeared in the questions with number answers?
Question 3 is lying
16 No
72%
What are the largest numbers that appeared in the questions with number answers?
Question 3 is lying
18 No
72%
What are the largest numbers that appeared in the questions with number answers?
Question 3 is lying
31 No
72%
What are the largest numbers that appeared in the questions with number answers?
Question 3 is lying
32 No
72%
What are the largest numbers that appeared in the questions with number answers?
Question 3 is lying
5 No
72%
What are the largest numbers that appeared in the questions with number answers?
Question 3 is lying
6 No
72%
What are the largest numbers that appeared in the questions with number answers?
Question 3 is lying
13 No
71%
What are the largest numbers that appeared in the questions with number answers?
Question 3 is lying
19 No
71%
What are the largest numbers that appeared in the questions with number answers?
Question 3 is lying
21 No
71%
What are the largest numbers that appeared in the questions with number answers?
Question 3 is lying
23 No
71%
What are the largest numbers that appeared in the questions with number answers?
Question 3 is lying
25 No
71%
What are the largest numbers that appeared in the questions with number answers?
Question 3 is lying
27 No
71%
What are the largest numbers that appeared in the questions with number answers?
Question 3 is lying
4 No
71%
What are the largest numbers that appeared in the questions with number answers?
Question 3 is lying
22 No
70%
What are the largest numbers that appeared in the questions with number answers?
Question 3 is lying
24 No
70%
What are the largest numbers that appeared in the questions with number answers?
Question 3 is lying
28 No
70%
What are the largest numbers that appeared in the questions with number answers?
Question 3 is lying
29 No
70%
What are the largest numbers that appeared in the questions with number answers?
Question 3 is lying
30 No
70%
What are the largest numbers that appeared in the questions with number answers?
Question 3 is lying
33 No
69%
Pick the one with 20 consecutive "e"
Pick the different lengths of consecutive "e"s for Question 4, not what it says
Question 2 is lying

eeeeeeeeeeeeeeeeeeee

No
68%
What are the largest numbers that appeared in the questions with number answers?
Question 3 is lying
17 No
67%
Pick the one with 20 consecutive "e"
Pick the different lengths of consecutive "e"s for Question 4, not what it says
Question 2 is lying

eeeeeeeeeeeeeeeeeeee

No
67%
What are the largest numbers that appeared in the questions with number answers?
Question 3 is lying
20 No
65%
If Question 1 is lying, which questions are telling the truth?
Pick the ones that are the smallest size for Question 3
1 No
61%
If Question 1 is lying, which questions are telling the truth?
Pick the ones that are the smallest size for Question 3
2 No
57%
If Question 1 is lying, which questions are telling the truth?
Pick the ones that are the smallest size for Question 3
5 No
51%
How many letters are in the title?
Don't include Question 6 for Question 5
Question 1 is lying
17 Yes
45%
How many ":" did the previous question have?
Question 4 is lying
5 Yes
36%
How many ":" did the previous question have?
Question 4 is lying
5 Yes
35%
If Question 1 is lying, which questions are telling the truth?
Pick the ones that are the smallest size for Question 3
4 Yes
20%
What are the largest numbers that appeared in the questions with number answers?
Question 3 is lying
26 Yes
17%
If Question 1 is lying, which questions are telling the truth?
Pick the ones that are the smallest size for Question 3
3 Yes
17%
Pick the one with 20 consecutive "e"
Pick the different lengths of consecutive "e"s for Question 4, not what it says
Question 2 is lying
eeeeeeeeeeeeeeeeeeee
Yes
17%
Pick the one with 20 consecutive "e"
Pick the different lengths of consecutive "e"s for Question 4, not what it says
Question 2 is lying
eeeeeeeeeeeeeeeeeeee
Yes
16%
Pick the one with 20 consecutive "e"
Pick the different lengths of consecutive "e"s for Question 4, not what it says
Question 2 is lying
eeeeeeeeeeeeeeeeeeeeee
Yes
12%
What are the largest numbers that appeared in the questions with number answers?
Question 3 is lying
34 Yes
8%
How many letters are in the title?
Don't include Question 6 for Question 5
Question 1 is lying
16 Yes
5%
How many letters are in the title?
Don't include Question 6 for Question 5
Question 1 is lying
18 Yes
5%
What are the largest numbers that appeared in the questions with number answers?
Question 3 is lying
15 Yes
3%
How many letters are in the title?
Don't include Question 6 for Question 5
Question 1 is lying
19 Yes
3%
How many letters are in the title?
Don't include Question 6 for Question 5
Question 1 is lying
21 Yes
3%
How many letters are in the title?
Don't include Question 6 for Question 5
Question 1 is lying
22 Yes
3%
How many letters are in the title?
Don't include Question 6 for Question 5
Question 1 is lying
15 Yes
2%
No matching quizzes found
Score Distribution
Percent of People with Each Score
Percentile by Number Answered
Your Score History
You have not taken this quiz